Statisztikai évkönyv 1988

Gespeichert in:
Bibliographische Detailangaben
Format: Buch
Sprache:Ungarisch
Veröffentlicht: Budapest Központi Statisztikai Hivatal 1989
Ausgabe:1. kiadás.
Tags: Tag hinzufügen
Keine Tags, Fügen Sie das erste Tag hinzu!

MARC

LEADER 00000nam a2200000 4500
001 c039628
005 20250207074553.3
041 0 |a hun 
044 |a HU 
245 1 0 |a Statisztikai évkönyv 1988 
250 |a 1. kiadás. 
264 1 |a Budapest  |b Központi Statisztikai Hivatal  |c 1989 
300 |a 401 s.